000
00217 a2200085 4500
020
_a
9789383419265
100
_a
BEDI, HARMIT SINGH
245
_a
SMART URBAN AND RURAL PLANNING TECHNIQUES
260
_b
GHAZIABAD COPAL
_c
2016
999
_c
13159
_d
13159